Phương pháp dạy học tiếng Việt ở tiểu học Tài liệu Đào tạo giáo viên tiểu học ( Trình độ Cao đẳng và Đại học Sư phạm )

সংরক্ষণ করুন:
গ্রন্থ-পঞ্জীর বিবরন
প্রধান লেখক: Lê Phương Nga
সংস্থা লেখক: Bộ Giáo dục và Đào tạo
অন্যান্য লেখক: Đặng Kim Nga
বিন্যাস: গ্রন্থ
ভাষা:Vietnamese
প্রকাশিত: H. Giáo dục 2007
বিষয়গুলি:
ট্যাগগুলো: ট্যাগ যুক্ত করুন
কোনো ট্যাগ নেই, প্রথমজন হিসাবে ট্যাগ করুন!
Thư viện lưu trữ: Mạng thư viện Đại học Đà Nẵng
LEADER 01099nam a2200349 4500
001 000015312
003 11689
005 20120528090542.0
008 120525s2007 viesd
020 |c 000đ 
041 0 |a vie 
082 |a 372.6  |b Phư 
100 0 |a Lê Phương Nga 
110 |a Bộ Giáo dục và Đào tạo 
245 0 |a Phương pháp dạy học tiếng Việt ở tiểu học  |b Tài liệu Đào tạo giáo viên tiểu học ( Trình độ Cao đẳng và Đại học Sư phạm )  |c Lê Phương Nga, Đặng Kim Nga 
260 |a H.  |b Giáo dục  |c 2007 
300 |a 296 tr  |b bảng  |c 29 cm 
500 |a Dự án phát triển giáo viên tiểu học 
653 |a Tiếng việt 
653 |a tiểu học 
653 |a phương pháp dạy học 
653 |a Sách giáo viên 
700 |a Lê Phương Nga 
700 |a Đặng Kim Nga 
OWN |a LSP 
999 |a From the UDN01 
TYP |a Monograph 
TYP |a Printed language 
980 |a Mạng thư viện Đại học Đà Nẵng